[Event "Cappelle Online Blitz op"]
[Site "Europe Echecs INT"]
[Date "2022.01.09"]
[Round "1"]
[White "Bauer, Christian"]
[Black "Blanchard, Samuel"]
[Result "1-0"]
[WhiteElo "2631"]
[BlackElo "1848"]
[PlyCount "37"]
[EventDate "2022.01.09"]
[EventType "swiss (blitz)"]
[EventRounds "11"]
[EventCountry "FRA"]
[SourceTitle "EXT 2023"]
[Source "ChessBase"]
[SourceDate "2022.10.05"]
[SourceVersion "1"]
[SourceVersionDate "2022.10.05"]
[SourceQuality "1"]

1. c4 f5 2. d4 Nf6 3. Nc3 e6 4. a3 Be7 5. Nf3 0-0 6. Bf4 b6 7. e3 Bb7 8. h3 a5 9. Bd3 Ne4 10. Bxe4 fxe4 11. Nd2 d5 12. Qg4 c5 13. dxc5 bxc5 14. Qxe6+ Kh8 15. Nxd5 Ra6 16. Qxe7 Bxd5 17. Qxd8 Rxd8 18. cxd5 Rxd5 19. Bxb8 1-0

[Event "Cappelle Online Blitz op"]
[Site "Europe Echecs INT"]
[Date "2022.01.09"]
[Round "6"]
[White "Blanchard, Samuel"]
[Black "Ferey, Antonin"]
[Result "0-1"]
[WhiteElo "1848"]
[BlackElo "2168"]
[PlyCount "90"]
[EventDate "2022.01.09"]
[EventType "swiss (blitz)"]
[EventRounds "11"]
[EventCountry "FRA"]
[SourceTitle "EXT 2023"]
[Source "ChessBase"]
[SourceDate "2022.10.05"]
[SourceVersion "1"]
[SourceVersionDate "2022.10.05"]
[SourceQuality "1"]

1. Nc3 d5 2. e4 d4 3. Nce2 c5 4. Ng3 Nc6 5. c3 e5 6. Bc4 g6 7. Nf3 Bg7 8. 0-0 Nge7 9. d3 0-0 10. h3 Na5 11. Bb3 Nxb3 12. axb3 h6 13. Ne1 Kh7 14. Bd2 f5 15. exf5 Nxf5 16. Nxf5 Bxf5 17. c4 Qh4 18. Nf3 Qh5 19. Ne1 Qh4 20. Nf3 Qf6 21. Qe2 Bxh3 22. Qxe5 Qxe5 23. Nxe5 Bf5 24. f4 a6 25. Rf3 Rfe8 26. g4 Be6 27. Re1 Bxe5 28. fxe5 Rf8 29. Rg3 Rf7 30. Rf1 Rxf1+ 31. Kxf1 Rf8+ 32. Kg2 g5 33. b4 cxb4 34. Bxb4 Rf4 35. Bd6 Rxg4 36. Rxg4 Bxg4 37. Kg3 Bf5 38. b4 Bxd3 39. c5 Bf5 40. Kf3 Kg6 41. Bc7 h5 42. Bd8 d3 43. Ke3 h4 44. Bc7 g4 45. Kf4 d2 0-1

[Event "Cappelle Online Rapid op"]
[Site "Europe Echecs INT"]
[Date "2021.03.06"]
[Round "2"]
[White "Blanchard, Samuel"]
[Black "Dias Huizar, Alvaro"]
[Result "0-1"]
[WhiteElo "1895"]
[BlackElo "2409"]
[PlyCount "44"]
[EventDate "2021.03.06"]
[EventType "swiss (rapid)"]
[EventRounds "9"]
[EventCountry "FRA"]
[SourceTitle "CBM 201 Extra"]
[Source "ChessBase"]
[SourceDate "2021.05.31"]
[SourceVersion "1"]
[SourceVersionDate "2021.05.31"]
[SourceQuality "1"]

1. e4 Nc6 2. Nc3 d6 3. f4 Nf6 4. Nf3 g6 5. d4 Bg7 6. d5 Nb8 7. Bd3 0-0 8. 0-0 c6 9. Qe1 Nbd7 10. Qh4 Qb6+ 11. Kh1 h5 12. e5 dxe5 13. fxe5 Ng4 14. e6 Nde5 15. Nxe5 Nxe5 16. exf7+ Rxf7 17. Rxf7 Kxf7 18. Bf4 Nxd3 19. cxd3 Bf6 20. Qg3 Qxb2 21. Qe1 Bxc3 22. Qf1 Qxa1 0-1

[Event "C'Chartres Blitz op"]
[Site "Europe Echecs INT"]
[Date "2020.11.28"]
[Round "10"]
[White "Blanchard, Samuel"]
[Black "Derouineau, Jacques"]
[Result "1-0"]
[WhiteElo "1895"]
[BlackElo "2029"]
[PlyCount "87"]
[EventDate "2020.11.28"]
[EventType "swiss (blitz)"]
[EventRounds "11"]
[EventCountry "FRA"]
[SourceTitle "CBM 199 Extra"]
[Source "ChessBase"]
[SourceDate "2021.01.31"]
[SourceVersion "1"]
[SourceVersionDate "2021.01.31"]
[SourceQuality "1"]

1. e4 d6 2. Nc3 c6 3. g3 Nd7 4. Bg2 Qc7 5. Nge2 e5 6. 0-0 Ngf6 7. d3 Be7 8. h3 0-0 9. f4 b6 10. Kh2 Bb7 11. Qe1 Rad8 12. f5 d5 13. g4 Rfe8 14. Ng3 dxe4 15. dxe4 h6 16. Be3 b5 17. a3 a5 18. Rd1 b4 19. axb4 axb4 20. Na4 c5 21. b3 Bc6 22. Rf2 Qb7 23. Bc1 c4 24. Re2 Bxa4 25. bxa4 Nc5 26. Rxd8 Rxd8 27. g5 hxg5 28. Bxg5 b3 29. cxb3 cxb3 30. Qa5 b2 31. Bxf6 gxf6 32. Re1 b1Q 33. Rxb1 Qxb1 34. Nh5 Qa2 35. Nxf6+ Bxf6 36. Qxc5 Qxa4 37. Qb6 Qd4 38. Qxf6 Qd6 39. Qg5+ Kf8 40. f6 Ke8 41. h4 Qe6 42. Bh3 Rd6 43. Bxe6 Rxe6 44. Qg8+ 1-0

[Event "C'Chartres Blitz op"]
[Site "Europe Echecs INT"]
[Date "2020.11.28"]
[Round "9"]
[White "Guenin, Pierre"]
[Black "Blanchard, Samuel"]
[Result "0-1"]
[WhiteElo "1392"]
[BlackElo "1895"]
[PlyCount "68"]
[EventDate "2020.11.28"]
[EventType "swiss (blitz)"]
[EventRounds "11"]
[EventCountry "FRA"]
[SourceTitle "CBM 199 Extra"]
[Source "ChessBase"]
[SourceDate "2021.01.31"]
[SourceVersion "1"]
[SourceVersionDate "2021.01.31"]
[SourceQuality "1"]

1. e4 e6 2. f4 d5 3. e5 c5 4. Nf3 Nc6 5. c3 Nge7 6. Be2 Nf5 7. 0-0 h5 8. d4 cxd4 9. cxd4 Qb6 10. Nc3 Nfxd4 11. Nxd4 Qxd4+ 12. Qxd4 Nxd4 13. Bd3 Bd7 14. Be3 Bc5 15. Bxd4 Bxd4+ 16. Kh1 0-0 17. Rac1 Rac8 18. Rf3 g6 19. g4 hxg4 20. Rg3 Bxc3 21. bxc3 d4 22. Rxg4 Rxc3 23. Bxg6 fxg6 24. Rxg6+ Kf7 25. Rcg1 Ke8 26. Rg7 d3 27. h4 d2 28. h5 Rh3+ 29. Kg2 Rxh5 30. Kf2 Rh2+ 31. Ke3 Bc6 32. Rc7 Kd8 33. Rgg7 d1Q 34. Rge7 Qd2# 0-1

[Event "C'Chartres Blitz op"]
[Site "Europe Echecs INT"]
[Date "2020.11.28"]
[Round "7"]
[White "Trolong, Alain"]
[Black "Blanchard, Samuel"]
[Result "0-1"]
[WhiteElo "1303"]
[BlackElo "1895"]
[PlyCount "94"]
[EventDate "2020.11.28"]
[EventType "swiss (blitz)"]
[EventRounds "11"]
[EventCountry "FRA"]
[SourceTitle "CBM 199 Extra"]
[Source "ChessBase"]
[SourceDate "2021.01.31"]
[SourceVersion "1"]
[SourceVersionDate "2021.01.31"]
[SourceQuality "1"]

1. f4 d5 2. e3 g6 3. Nf3 Bg7 4. c3 c5 5. Bb5+ Bd7 6. Bxd7+ Nxd7 7. 0-0 Ngf6 8. b3 0-0 9. Bb2 a5 10. d3 Qc7 11. c4 Rfd8 12. Nbd2 a4 13. Qe1 axb3 14. Nxb3 b6 15. cxd5 Nxd5 16. Bxg7 Kxg7 17. e4 Nb4 18. Qc3+ Kg8 19. e5 Nf8 20. Nbd4 Nd5 21. Qc1 cxd4 22. Qxc7 Nxc7 23. Rfc1 Nfe6 24. Rc6 Nd5 25. g3 Rdc8 26. Rxc8+ Rxc8 27. a4 Rc3 28. Ne1 Ne3 29. a5 bxa5 30. Rxa5 Nc5 31. Ra8+ Kg7 32. h4 Nxd3 33. Nxd3 Rxd3 34. Kf2 Rd1 35. Kf3 h5 36. Ke4 Nf5 37. Rd8 e6 38. Ra8 Nxg3+ 39. Kf3 Nf5 40. Ke4 Nxh4 41. Ra7 Nf5 42. Ra8 h4 43. Ra2 Re1+ 44. Kf3 Re3+ 45. Kf2 d3 46. Kg2 Re2+ 47. Kh3 Rxa2 0-1

[Event "FRA-ch Blitz Online Qual"]
[Site "Europe Echecs INT"]
[Date "2020.05.16"]
[Round "4"]
[White "Barbaggi, Sasha"]
[Black "Blanchard, Samuel"]
[Result "0-1"]
[WhiteElo "1375"]
[BlackElo "1921"]
[PlyCount "110"]
[EventDate "2020.05.16"]
[EventType "swiss (blitz)"]
[EventRounds "15"]
[EventCountry "FRA"]
[SourceTitle "CBM 196 Extra"]
[Source "ChessBase"]
[SourceDate "2020.07.31"]
[SourceVersion "1"]
[SourceVersionDate "2020.07.31"]
[SourceQuality "1"]

1. e4 e6 2. d4 d5 3. exd5 exd5 4. Nc3 c6 5. g3 Bd6 6. Bg2 Bf5 7. Nge2 Nf6 8. 0-0 0-0 9. Bg5 Nbd7 10. Qd2 Re8 11. Rab1 Bg6 12. h3 a5 13. Bf4 Qc7 14. Bxd6 Qxd6 15. Qf4 Qxf4 16. Nxf4 Bxc2 17. Rbc1 Bg6 18. Nxg6 hxg6 19. Rce1 Kf8 20. Rxe8+ Rxe8 21. Na4 b5 22. Nc5 Nxc5 23. dxc5 Re2 24. Rb1 Rc2 25. Bf1 Rxc5 26. Kg2 Rc2 27. Kf3 Ne4 28. Bd3 Rxf2+ 29. Ke3 Rh2 30. Bf1 Nxg3 31. Rc1 Nf5+ 32. Kf3 Rxb2 33. Rxc6 Rxa2 34. Rc8+ Ke7 35. Bxb5 Nd4+ 36. Ke3 Nxb5 37. Rc5 d4+ 38. Kd3 Ra3+ 39. Kc4 Nd6+ 40. Kxd4 Rxh3 41. Rxa5 Rh4+ 42. Kd5 Rh5+ 43. Kc6 Rxa5 44. Kb6 Rb5+ 45. Ka6 Rb1 46. Ka5 Kd7 47. Ka4 Kc6 48. Ka5 Rb2 49. Ka4 Kc5 50. Ka3 Rb8 51. Ka4 Ne4 52. Ka3 Kc4 53. Ka2 Kc3 54. Ka1 Kc2 55. Ka2 Ra8# 0-1

[Event "FRA-ch Blitz Online Qual"]
[Site "Europe Echecs INT"]
[Date "2020.05.16"]
[Round "12"]
[White "Blanchard, Samuel"]
[Black "Robine, Guillaume"]
[Result "1-0"]
[WhiteElo "1921"]
[BlackElo "1571"]
[PlyCount "65"]
[EventDate "2020.05.16"]
[EventType "swiss (blitz)"]
[EventRounds "15"]
[EventCountry "FRA"]
[SourceTitle "CBM 196 Extra"]
[Source "ChessBase"]
[SourceDate "2020.07.31"]
[SourceVersion "1"]
[SourceVersionDate "2020.07.31"]
[SourceQuality "1"]

1. e4 d5 2. exd5 Nf6 3. Nf3 Bg4 4. Be2 Qxd5 5. 0-0 Nc6 6. h3 h5 7. c4 Qf5 8. d4 0-0-0 9. d5 e6 10. Nc3 Bxf3 11. Bxf3 Ne5 12. Be2 g5 13. Qb3 g4 14. h4 Nf3+ 15. Kh1 Nd4 16. Qd1 Nxe2 17. Qxe2 exd5 18. Bg5 Bd6 19. Nxd5 Nxd5 20. Bxd8 Nf4 21. Qe3 Rxd8 22. g3 Ne6 23. Rad1 Bc5 24. Rxd8+ Kxd8 25. Rd1+ Kc8 26. Qd2 Qf3+ 27. Kg1 Qxg3+ 28. Kf1 Qh3+ 29. Ke1 Qh1+ 30. Ke2 Nf4+ 31. Qxf4 Qc6 32. Qf5+ Kb8 33. Rd8# 1-0